Normal view
MARC view
- Quraishy, Masud,
Entry Personal Name
001 - CONTROL NUMBER
- control field: 131094
003 - CONTROL NUMBER IDENTIFIER
- control field: NUST
005 - DATE AND TIME OF LATEST TRANSACTION
- control field: 20251009182522.0
008 - FIXED-LENGTH DATA ELEMENTS
- fixed length control field: 251009|| aca||aabn | a|a d
040 ## - CATALOGING SOURCE
- Original cataloging agency: NUST
- Transcribing agency: NUST
100 ## - HEADING--PERSONAL NAME
- Personal name: Quraishy, Masud,
- Dates associated with a name: 1934-
670 ## - SOURCE DATA FOUND
- Source citation: Work cat.: (NUST)0: Tetley, Brian. 35640, Defenders of Pakistan /, 1988.
